Członkowie Real Castu - Statystyki

Ogólne statystyki
  • Ten quiz został rozwiązany 17 razy
    5 od ostatniego zresetowania
  • Średni wynik to 22 z 35
Statystyki odpowiedzi
Hint Odpowiedź % Poprawnych
16 Friz
100%
4 Nitro
100%
6 Dis Stream
75%
14 Kacper Blonsky
75%
32 Kaluch
75%
1 Kruszwil
75%
3 Mandzio
75%
33 Mandzio
75%
15 Marcin Dubiel
75%
8 Michu
75%
17 Mixer
75%
35 Mixer
75%
26 Murcix
75%
7 Tromba
75%
13 Wojtek Gola
75%
2 Yoshi
75%
23 Yoshi
75%
5 Z Dvpy
75%
34 B.R.O
50%
29 Cezary Pazura
50%
19 Czuux
50%
25 Dla Pieniędzy
50%
9 Gimper
50%
28 Izak
50%
27 Jacuś
50%
24 Kubańczyk
50%
12 Linkimaster
50%
21 Mestosław
50%
30 Trill Pem
50%
20 Xntentacion
50%
18 Yachuprodukcja
50%
31 Kolega Ignacy
25%
22 Krzysztof Gonciarz
25%
11 Naruciak
25%
10 Wip Bros
25%
Nie znaleziono quizów pasujących do podanych kryteriów
Rozkład punktacji
Procent ludzi z każdym wynikiem
Percentyl według liczby udzielonych odpowiedzi
Twoja historia wyników
Nie rozwiązałeś tego quizu od ostatniego zresetowania